000 00929nam a2200277 i 4500
001 000010730
003 DO-SdBNP
005 20240123133251.0
007 ta
008 091009s1980 dr ad 001 0 spa d
040 _aDO-SdBNP
_bspa
_cBNPHU
_erda
082 4 _a618.92
_bN851a
_222
245 0 0 _aNormas de atención pediátrica /
_ceditor, Hugo R. Mendoza.
264 _aSanto Domingo :
_bHospital de Niños Robert Reid Cabral,
_c980.
300 _a658 páginas :
_bilustraciones, gráficas. ;
_c20 cm.
336 _2rdacontent
_atexto
_btxt
337 _2rdamedia
_asin mediación
_bn
338 _2rdacarrier
_avolumen
_bnc
590 _aInventariado,2018/DG
650 4 _aPediatría
_xNormas
_925920
650 4 _aNiños
_xCuidado e higiene
_91754
650 4 _aEnfermedades en niños
_xTratamientos
_925921
700 1 _aMendoza, Hugo R.,
_eeditor
_96390
910 _aValidado. Control de la calidad EMS
942 _2ddc
_cLBS1
999 _c10485
_d10485